| 000 | 00342nam a22001217a 4500 | ||
|---|---|---|---|
| 020 | _a978-1-44621-062-8 | ||
| 082 | _a658.0072 | ||
| 100 | _aGummesson, Evert | ||
| 245 |
_aCase Theory in Business and Management: _bReinveting Case Study Research |
||
| 260 |
_aLondon: _bSAGE Publication, _c2017 |
||
| 300 | _axix, 347p.: ill.; 24cm | ||
| 942 | _cBK | ||
| 999 |
_c22222 _d22222 |
||